| 000 | 00882nam a2200253 a 4500 | ||
|---|---|---|---|
| 003 | OSt | ||
| 005 | 20230331073628.0 | ||
| 008 | 190805s1990 dr 000 spa d | ||
| 040 |
_aDO-SdBNP _bspa _cBNPHU |
||
| 082 |
_a346.0668 _bC313d, 1990 |
||
| 100 |
_aCarrasco, Nelson Eddy _99308 _d1940- |
||
| 245 | 0 |
_aDerecho cooperativo / _cEddy Carrasco ; prólogo Lupo Hernández Rueda.dy Carrasco ; |
|
| 260 |
_aSanto Domingo, _b Editora Visión, _c1990. |
||
| 300 |
_a420 p. ; _c21 cm. |
||
| 500 | _aIncluye datos biográficos del autor en la contracubierta | ||
| 504 | _aBibliografía : p.[429-433] | ||
| 590 | _aInventariado, 2020/VM | ||
| 650 | 7 |
_2Lemb _aCooperativas _xLegislación _914001 |
|
| 650 | 7 |
_2Lemb _aCooperativismo _xLegislación _914002 |
|
| 700 |
_aHernández Rueda, Lupo, _d1930-2017 _epról. _923790 |
||
| 910 | _aEn proceso | ||
| 942 |
_2ddc _cLF1 |
||
| 956 | _aVMateo | ||
| 999 |
_c48738 _d48738 |
||